Nondiscrimination in employment--and beyond /

Bibliographic Details
Main Author: Shaeffer, Ruth G.
Format: Book
Language:English
Published: New York, N.Y. : Conference Board, [1980]
Series:Conference Board report ; no. 782.
Subjects:

MARC

Tag First Indicator Second Indicator Subfields
LEADER 00000cam a2200000 a 4500
001 in00000072465
005 20151008053425.0
008 810604s1980 nyu b 00010 eng
010 |a  81126079  
020 |a 0823702189 (pbk.) 
035 |a (OCoLC)07576326 
035 |9 AAH7380AM 
039 0 |a 2  |b 3  |c 3  |d 3  |e 3 
040 |a DLC  |c DLC  |d TXA  |d UtOrBLW 
043 |a n-us--- 
049 |a TXAM  |c [1802793] 
050 0 0 |a HD6304  |b .S45 
082 0 |a 331.13/3/0973  |2 19 
100 1 |a Shaeffer, Ruth G. 
245 1 0 |a Nondiscrimination in employment--and beyond /  |c by Ruth Gilbert Shaeffer. 
264 1 |a New York, N.Y. :  |b Conference Board,  |c [1980] 
264 4 |c ©1980 
300 |a vi, 108 pages ;  |c 28 cm. 
336 |a text  |b txt  |2 rdacontent 
337 |a unmediated  |b n  |2 rdamedia 
338 |a volume  |b nc  |2 rdacarrier 
490 1 |a Conference Board report ;  |v no. 782 
504 |a Includes bibliographical references. 
650 0 |a Minorities  |x Employment  |z United States. 
650 0 |a Discrimination in employment  |z United States. 
650 0 |a Affirmative action programs  |z United States. 
830 0 |a Conference Board report ;  |v no. 782. 
999 |a MARS 
999 f f |s 3b55570e-b63c-3b90-a79e-c92b17f8c7b7  |i 9757c4ae-4648-3a71-a752-5a060d184158  |t 0 
952 f f |p ric  |a Texas A&M University  |b Rellis Campus  |c Joint Library Facility  |d Remote Storage  |t 0  |e HD6304 .S45  |h Library of Congress classification  |i unmediated -- volume  |m A14806128536 
998 f f |a HD6304 .S45  |t 0  |l Remote Storage